Państwa świata według najwyższego szczytu - Statystyki

Ogólne statystyki
  • Ten quiz został rozwiązany 175 razy
  • Średni wynik to 12 z 15
Statystyki odpowiedzi
Hint Odpowiedź % Poprawnych
8848 Chiny
100%
8848 Nepal
97%
8586 Indie
93%
6194 Stany Zjednoczone
88%
8611 Pakistan
86%
6893 Chile
83%
7570 Bhutan
81%
7492 Afganistan
75%
6961 Argentyna
74%
7439 Kirgistan
74%
6768 Peru
74%
6542 Boliwia
72%
7495 Tadżykistan
72%
7010 Kazachstan
69%
6247 Ekwador
65%
Nie znaleziono quizów pasujących do podanych kryteriów
Rozkład punktacji
Procent ludzi z każdym wynikiem
Percentyl według liczby udzielonych odpowiedzi
Twoja historia wyników
Nie rozwiązałeś tego quizu